[Event "BI-2016-F-0000"]
[Site "LSS email"]
[Date "2016.02.14"]
[Round "?"]
[White "Elski, Marek"]
[Black "Leon, Yurick"]
[Result "1/2-1/2"]
[WhiteElo "1818"]
[BlackElo "2003"]
[PlyCount "34"]
[EventDate "2016.02.20"]
[EventType "tourn (corr)"]
[EventRounds "10"]
[EventCountry "GER"]
[SourceTitle "Corr 2022"]
[Source "ChessBase"]
[SourceDate "2021.10.24"]
[SourceVersion "1"]
[SourceVersionDate "2021.10.24"]
[SourceQuality "1"]

1. d4 d5 2. Nf3 Nf6 3. c4 e6 4. Nc3 c6 5. e3 Nbd7 6. Be2 Bd6 7. 0-0 0-0 8. Qc2 e5 9. cxd5 cxd5 10. dxe5 Nxe5 11. Qb3 Rb8 12. Rd1 Be6 13. Nd4 Nc6 14. Nxe6 fxe6 15. e4 Nd7 16. exd5 Bxh2+ 17. Kxh2 Qh4+ 1/2-1/2

[Event "BI-2016-F-0000"]
[Site "LSS email"]
[Date "2016.02.14"]
[Round "?"]
[White "Leon, Yurick"]
[Black "Kurowski, Andrzej"]
[Result "1/2-1/2"]
[WhiteElo "2003"]
[BlackElo "2018"]
[PlyCount "69"]
[EventDate "2016.02.20"]
[EventType "tourn (corr)"]
[EventRounds "10"]
[EventCountry "GER"]
[SourceTitle "Corr 2022"]
[Source "ChessBase"]
[SourceDate "2021.10.24"]
[SourceVersion "1"]
[SourceVersionDate "2021.10.24"]
[SourceQuality "1"]

1. d4 f5 2. g3 Nf6 3. b3 g6 4. Bg2 Bg7 5. Bb2 0-0 6. Nf3 d6 7. 0-0 Qe8 8. c4 Na6 9. Qc2 Rb8 10. a3 c6 11. Nbd2 Nc7 12. Rac1 Bd7 13. Rfe1 b5 14. Bc3 bxc4 15. bxc4 Ne6 16. Rb1 Qc8 17. Rxb8 Qxb8 18. e4 Nxe4 19. Nxe4 fxe4 20. Rxe4 Bf6 21. h4 c5 22. d5 Ng7 23. Re1 Bf5 24. Qc1 Qb7 25. Ng5 Rb8 26. Qd2 Rf8 27. Bxf6 exf6 28. Ne6 Re8 29. Be4 Bxe4 30. Rxe4 Rxe6 31. Rxe6 Nxe6 32. dxe6 Qb1+ 33. Kh2 Qf5 34. Qb2 Kg7 35. Qb7+ 1/2-1/2

[Event "BI-2016-F-0000"]
[Site "LSS email"]
[Date "2016.02.14"]
[Round "?"]
[White "Siger, Csaba"]
[Black "Leon, Yurick"]
[Result "0-1"]
[WhiteElo "1745"]
[BlackElo "2003"]
[PlyCount "44"]
[EventDate "2016.02.20"]
[EventType "tourn (corr)"]
[EventRounds "10"]
[EventCountry "GER"]
[SourceTitle "Corr 2022"]
[Source "ChessBase"]
[SourceDate "2021.10.24"]
[SourceVersion "1"]
[SourceVersionDate "2021.10.24"]
[SourceQuality "1"]

1. e4 e5 2. Nf3 Nc6 3. Bb5 a6 4. Ba4 Nf6 5. 0-0 Be7 6. Re1 b5 7. Bb3 0-0 8. h3 Bb7 9. d3 d5 10. exd5 Nxd5 11. Nxe5 Nxe5 12. Rxe5 Qd6 13. Re1 Rae8 14. Nd2 c5 15. a4 c4 16. dxc4 Nf4 17. Nf3 Nxh3+ 18. Kf1 Qg6 19. Be3 bxa4 20. Rxa4 Bc5 21. Qd7 Rxe3 22. fxe3 Nf4 0-1

[Event "BI-2016-F-0000"]
[Site "LSS email"]
[Date "2016.02.14"]
[Round "?"]
[White "Somogyi, Gabor"]
[Black "Leon, Yurick"]
[Result "1/2-1/2"]
[WhiteElo "1965"]
[BlackElo "2003"]
[PlyCount "102"]
[EventDate "2016.02.20"]
[EventType "tourn (corr)"]
[EventRounds "10"]
[EventCountry "GER"]
[SourceTitle "Corr 2022"]
[Source "ChessBase"]
[SourceDate "2021.10.24"]
[SourceVersion "1"]
[SourceVersionDate "2021.10.24"]
[SourceQuality "1"]

1. d4 d5 2. c4 e6 3. Nc3 Nf6 4. Nf3 c6 5. Bg5 h6 6. Bxf6 Qxf6 7. e3 Nd7 8. Bd3 dxc4 9. Bxc4 Qd8 10. 0-0 Be7 11. Rc1 0-0 12. Bd3 b6 13. Bb1 Bb7 14. Qd3 g6 15. Rfd1 c5 16. Qc4 Nf6 17. dxc5 Qc7 18. c6 Qxc6 19. Qf4 g5 20. Qg3 Rfd8 21. Nd4 Qd6 22. f4 Qb8 23. Nce2 Bc5 24. a3 Rd7 25. b4 Bf8 26. h4 a5 27. hxg5 hxg5 28. Qxg5+ Bg7 29. Bd3 Qd8 30. Qg3 axb4 31. axb4 Ra2 32. Qh3 Rd6 33. Rc2 Rxc2 34. Bxc2 Kf8 35. Bb3 Qd7 36. Ra1 Be4 37. Bc4 Qe7 38. b5 Qe8 39. Rd1 Bf5 40. Qg3 Qd7 41. Qf3 Be4 42. Qh3 Bf5 43. Qf3 Be4 44. Qg3 Bf5 45. Qf2 Ng4 46. Qf3 Kg8 47. Bb3 Qd8 48. g3 Nf6 49. Qf1 Ng4 50. Qf3 Nf6 51. Qg2 Ng4 1/2-1/2

[Event "RA-2015-0-00419"]
[Site "LSS email"]
[Date "2015.11.21"]
[Round "?"]
[White "Keevil, Paul"]
[Black "Leon, Yurick"]
[Result "1-0"]
[WhiteElo "2251"]
[BlackElo "2018"]
[PlyCount "113"]
[EventDate "2015.10.24"]
[EventType "tourn (corr)"]
[EventRounds "6"]
[EventCountry "GER"]
[SourceTitle "Corr 2022"]
[Source "ChessBase"]
[SourceDate "2021.10.24"]
[SourceVersion "1"]
[SourceVersionDate "2021.10.24"]
[SourceQuality "1"]

1. c4 Nf6 2. Nc3 e6 3. e4 e5 4. Nf3 d6 5. d4 exd4 6. Nxd4 c5 7. Nc2 Nc6 8. Bf4 Be7 9. Be2 0-0 10. Qd2 Be6 11. Rd1 Re8 12. 0-0 Qb6 13. b3 Rad8 14. Nd5 Bxd5 15. exd5 Ne5 16. f3 Qa6 17. g4 Ng6 18. Bg3 Rd7 19. Bd3 Bd8 20. Ne3 Qa5 21. Qf2 Ne5 22. Bb1 Be7 23. g5 Nh5 24. f4 Ng6 25. h4 Nxg3 26. Qxg3 Qc3 27. Bf5 Bf6 28. Rd3 Qxd3 29. Bxd3 Bd4 30. Rf3 Rde7 31. Kf1 Rxe3 32. Bxg6 Rxf3+ 33. Qxf3 hxg6 34. Qh3 Rd8 35. Kg2 b6 36. Kf1 Ba1 37. Qe3 Kf8 38. f5 gxf5 39. h5 g6 40. hxg6 fxg6 41. Qe6 Be5 42. Qxg6 Rd7 43. Qh6+ Rg7 44. Ke2 f4 45. Kf3 Kg8 46. Qe6+ Kh7 47. Kg4 Rb7 48. Qh6+ Kg8 49. g6 Rg7 50. Qg5 Rb7 51. a3 a6 52. b4 Rd7 53. a4 a5 54. b5 Rb7 55. Qd8+ Kg7 56. Qe8 Kh6 57. Kf5 1-0

[Event "RA-2015-0-00419"]
[Site "LSS email"]
[Date "2015.11.21"]
[Round "?"]
[White "Ortiz, Manuel"]
[Black "Leon, Yurick"]
[Result "1-0"]
[WhiteElo "2299"]
[BlackElo "2018"]
[PlyCount "67"]
[EventDate "2015.10.24"]
[EventType "tourn (corr)"]
[EventRounds "6"]
[EventCountry "GER"]
[SourceTitle "Corr 2022"]
[Source "ChessBase"]
[SourceDate "2021.10.24"]
[SourceVersion "1"]
[SourceVersionDate "2021.10.24"]
[SourceQuality "1"]

1. e4 e5 2. Nf3 Nc6 3. Bb5 d6 4. d4 exd4 5. Nxd4 Bd7 6. Nc3 Nf6 7. 0-0 Be7 8. Nxc6 bxc6 9. Bd3 0-0 10. f4 Bc8 11. b3 d5 12. e5 Nd7 13. Ne2 Nc5 14. f5 Nxd3 15. cxd3 Re8 16. Bb2 Bc5+ 17. d4 Bb6 18. Kh1 Qh4 19. a4 a5 20. Rc1 Qg5 21. Ng3 Ba6 22. Rf3 Rab8 23. Rxc6 Qh4 24. Qd2 Bb7 25. Rc1 f6 26. e6 c6 27. Rf4 Qg5 28. h4 Qh6 29. Qf2 Bc7 30. Rg4 Bxg3 31. Qxg3 Kh8 32. Rc3 Rg8 33. Bc1 Qh5 34. Rxg7 1-0

[Event "RA-2015-0-00419"]
[Site "LSS email"]
[Date "2015.11.21"]
[Round "?"]
[White "Silva Filho, Alcindo Luz Bastos"]
[Black "Leon, Yurick"]
[Result "1/2-1/2"]
[WhiteElo "2136"]
[BlackElo "2018"]
[PlyCount "85"]
[EventDate "2015.10.24"]
[EventType "tourn (corr)"]
[EventRounds "6"]
[EventCountry "GER"]
[SourceTitle "Corr 2022"]
[Source "ChessBase"]
[SourceDate "2021.10.24"]
[SourceVersion "1"]
[SourceVersionDate "2021.10.24"]
[SourceQuality "1"]

1. e4 e5 2. Nf3 Nc6 3. Bb5 a6 4. Ba4 Nf6 5. 0-0 Be7 6. Re1 b5 7. Bb3 0-0 8. h3 Bb7 9. d3 d5 10. exd5 Nxd5 11. Nxe5 Nxe5 12. Rxe5 Qd6 13. Re1 Rae8 14. Nd2 c5 15. Ne4 Qc6 16. c4 Nb6 17. f3 Bh4 18. Re3 Re7 19. Bd2 bxc4 20. dxc4 Rd8 21. Qe2 Rde8 22. Qd3 Rd7 23. Qc3 Rde7 24. Be1 Qh6 25. Bxh4 Qxh4 26. Qa5 Qh6 27. Qxc5 f5 28. Nd6 Rxe3 29. Qd4 Nc8 30. Nxf5 Qg5 31. Nxe3 Qxe3+ 32. Qxe3 Rxe3 33. Rd1 g5 34. Kf2 Re7 35. c5+ Kg7 36. Ba4 Rc7 37. b4 Kf6 38. Bb3 Ne7 39. Rd6+ Ke5 40. g3 Nf5 41. Re6+ Kd4 42. Bc2 Ne7 43. a3 1/2-1/2

[Event "RA-2015-0-00419"]
[Site "LSS email"]
[Date "2015.11.20"]
[Round "?"]
[White "Leon, Yurick"]
[Black "Luers, Lavas"]
[Result "0-1"]
[WhiteElo "2018"]
[BlackElo "2012"]
[PlyCount "104"]
[EventDate "2015.10.24"]
[EventType "tourn (corr)"]
[EventRounds "6"]
[EventCountry "GER"]
[SourceTitle "Corr 2022"]
[Source "ChessBase"]
[SourceDate "2021.10.24"]
[SourceVersion "1"]
[SourceVersionDate "2021.10.24"]
[SourceQuality "1"]

1. d4 Nf6 2. Nf3 e6 3. c4 d5 4. Nc3 c6 5. g3 dxc4 6. Bg2 Nbd7 7. a4 Bb4 8. 0-0 0-0 9. Qc2 a5 10. Rd1 Qe7 11. Bf4 Nd5 12. Bd2 N5b6 13. Ne4 e5 14. Bxb4 axb4 15. a5 Nd5 16. Qxc4 f5 17. Nc5 e4 18. Nd2 Nxc5 19. Qxc5 Qxc5 20. dxc5 Nc7 21. Nc4 Ne6 22. Nb6 Ra7 23. Rdc1 Nd4 24. Rc4 Nb3 25. Nxc8 Rxc8 26. Ra4 Rxa5 27. Rxa5 Nxa5 28. Rxb4 g6 29. g4 Kg7 30. gxf5 gxf5 31. f3 e3 32. Bh3 Kf6 33. Rf4 Rg8+ 34. Kh1 Rg5 35. Rh4 Nb3 36. Rxh7 f4 37. Rh4 Ke5 38. Rh7 Nxc5 39. Rf7 b5 40. Bg4 Na4 41. h4 Rg6 42. Rf5+ Kd6 43. Rxf4 Nxb2 44. Kh2 c5 45. Rf8 b4 46. h5 Rh6 47. Kg3 c4 48. Rd8+ Kc5 49. Kf4 c3 50. Rc8+ Kd5 51. Kg5 Nc4 52. Kxh6 c2 0-1

[Event "RA-2015-0-00419"]
[Site "LSS email"]
[Date "2015.11.20"]
[Round "?"]
[White "Leon, Yurick"]
[Black "Willmann, Bernd"]
[Result "1/2-1/2"]
[WhiteElo "2018"]
[BlackElo "2270"]
[PlyCount "129"]
[EventDate "2015.10.24"]
[EventType "tourn (corr)"]
[EventRounds "6"]
[EventCountry "GER"]
[SourceTitle "Corr 2022"]
[Source "ChessBase"]
[SourceDate "2021.10.24"]
[SourceVersion "1"]
[SourceVersionDate "2021.10.24"]
[SourceQuality "1"]

1. d4 d5 2. Nf3 Nf6 3. c4 e6 4. Nc3 c6 5. g3 dxc4 6. Bg2 Nbd7 7. a4 Bb4 8. 0-0 0-0 9. Qc2 a5 10. Rd1 Qe7 11. Bf4 Nd5 12. Bd2 N5b6 13. Bf4 f6 14. Na2 e5 15. dxe5 Bc5 16. exf6 Nxf6 17. Nc3 Ng4 18. e3 Bf5 19. Qe2 Nf6 20. Nh4 Bd3 21. Rxd3 cxd3 22. Qxd3 Bb4 23. e4 g6 24. e5 Nfd7 25. Nf3 Rxf4 26. gxf4 Rf8 27. Ne2 Nc5 28. Qc2 Nd5 29. Qc4 Kh8 30. Ne1 Qe6 31. Rc1 Nxf4 32. Nxf4 Qxc4 33. Rxc4 Bxe1 34. e6 Bb4 35. Rd4 Re8 36. Bh3 Nxa4 37. Nd3 Nc5 38. Rxb4 Nxd3 39. Rxb7 Nf4 40. Bf1 Rxe6 41. Ra7 Re5 42. f3 Rg5+ 43. Kf2 Rc5 44. b3 Rc2+ 45. Ke3 Nd5+ 46. Ke4 Rxh2 47. Rxa5 Rh4+ 48. Ke5 Ne3 49. Ra8+ Kg7 50. Ra7+ Kh6 51. Bd3 Rb4 52. Be4 Rb5+ 53. Kd4 Rxb3 54. Bxc6 Nf5+ 55. Ke5 Ng3 56. Rf7 Ra3 57. Bd5 Ra5 58. Kd6 Ra1 59. Be6 Ra6+ 60. Ke5 Ra5+ 61. Bd5 Nf5 62. Ke6 Ra3 63. Be4 Ng7+ 64. Ke5 Ra6 65. f4 1/2-1/2

[Event "FICGS class C 000228 email"]
[Site "FICGS email"]
[Date "2015.08.04"]
[Round "1"]
[White "Duttagupta, Aniruddha"]
[Black "Leon, Yurick"]
[Result "1/2-1/2"]
[WhiteElo "2003"]
[BlackElo "1939"]
[PlyCount "100"]
[EventDate "2015.??.??"]
[EventType "tourn (corr)"]
[EventRounds "1"]
[SourceTitle "Corr 2022"]
[Source "ChessBase"]
[SourceDate "2021.10.24"]
[SourceVersion "1"]
[SourceVersionDate "2021.10.24"]
[SourceQuality "1"]

1. e4 e5 2. Nf3 Nc6 3. Bb5 a6 4. Ba4 Nf6 5. 0-0 b5 6. Bb3 Be7 7. Re1 0-0 8. a4 b4 9. d4 d6 10. dxe5 dxe5 11. Nbd2 Bb7 12. c3 Bc5 13. Qc2 Qe7 14. Bd5 bxc3 15. bxc3 Ng4 16. Re2 Na5 17. Bxb7 Nxb7 18. h3 Nf6 19. Nc4 Nd7 20. Rb1 Rab8 21. Ne3 Qe6 22. Re1 f6 23. Nd5 Rfc8 24. Rd1 Nb6 25. Ne1 Nd6 26. a5 Nxd5 27. Rxb8 Rxb8 28. Rxd5 Nb7 29. Qb1 Qe8 30. Qa2 Qe6 31. Qb1 Qe8 32. Qb3 Nd6 33. Qa2 Qf7 34. Qe2 Ba7 35. Be3 Bxe3 36. Qxe3 f5 37. f3 fxe4 38. fxe4 Rb1 39. Kh2 Qf1 40. Nd3 h5 41. Kg3 h4+ 42. Kxh4 Qxg2 43. Rxe5 Nf7 44. Rf5 Rg1 45. Ne5 Re1 46. Qf3 Rxe4+ 47. Kh5 Qxf3+ 48. Nxf3 Re3 49. h4 Nd6 50. Rf4 Rxc3 1/2-1/2

[Event "FICGS class C 000228 email"]
[Site "FICGS email"]
[Date "2015.08.04"]
[Round "1"]
[White "Leon, Yurick"]
[Black "Osipov, Sergey"]
[Result "1/2-1/2"]
[WhiteElo "1939"]
[BlackElo "1888"]
[PlyCount "47"]
[EventDate "2015.??.??"]
[EventType "tourn (corr)"]
[EventRounds "1"]
[SourceTitle "Corr 2022"]
[Source "ChessBase"]
[SourceDate "2021.10.24"]
[SourceVersion "1"]
[SourceVersionDate "2021.10.24"]
[SourceQuality "1"]

1. d4 d5 2. c4 e6 3. Nf3 Nf6 4. Nc3 Be7 5. g3 0-0 6. Bg2 dxc4 7. Ne5 Nc6 8. Bxc6 bxc6 9. Nxc6 Qe8 10. Nxe7+ Qxe7 11. Qa4 c5 12. dxc5 Qxc5 13. Be3 Qc7 14. f3 Nd5 15. Bf2 a5 16. Rc1 Nxc3 17. Rxc3 Qb7 18. Qxc4 Qxb2 19. 0-0 Ba6 20. Rc2 Bxc4 21. Rxb2 Rfc8 22. Rc1 f6 23. Rbc2 Ba6 24. Rxc8+ 1/2-1/2

[Event "IECC CL2-2015.03 email"]
[Site "IECC email"]
[Date "2015.07.26"]
[Round "?"]
[White "Futida, Souitiro"]
[Black "Leon, Yurick"]
[Result "1/2-1/2"]
[WhiteElo "2129"]
[BlackElo "2078"]
[PlyCount "74"]
[EventDate "2015.??.??"]
[EventType "tourn (corr)"]
[EventRounds "4"]
[SourceTitle "Corr 2020"]
[Source "ChessBase"]
[SourceDate "2019.09.30"]
[SourceVersion "1"]
[SourceVersionDate "2019.09.30"]
[SourceQuality "1"]
[WhiteTeam "Brazil"]
[BlackTeam "Venezuela"]
[WhiteTeamCountry "BRA"]
[BlackTeamCountry "VEN"]

1. d4 d5 2. c4 e6 3. Nc3 Nf6 4. Nf3 c6 5. e3 Nbd7 6. Bd3 b6 7. 0-0 Bb7 8. Qe2 Be7 9. Rd1 0-0 10. e4 dxe4 11. Nxe4 Qc7 12. Bg5 Rfe8 13. Bc2 c5 14. dxc5 Bxe4 15. Bxe4 Nxe4 16. Bxe7 Nc3 17. bxc3 Rxe7 18. cxb6 Nxb6 19. Rd4 e5 20. Re4 f6 21. Nd4 Rc8 22. Nf5 Rd7 23. Ne3 g6 24. g4 Rcd8 25. Qf3 Kg7 26. Re1 Rd3 27. Qg3 Qc6 28. f3 Rf8 29. g5 Nd7 30. gxf6+ Rxf6 31. Rf1 Qc5 32. f4 exf4 33. Rfxf4 Rxc3 34. Rf1 Rd3 35. Re1 Rf7 36. Qg2 Nf6 37. Qb2 Rd6 1/2-1/2

[Event "BI-2015-P-0000"]
[Site "LSS email"]
[Date "2015.04.16"]
[Round "?"]
[White "Leon, Yurick"]
[Black "Salvatore, Carmine"]
[Result "0-1"]
[WhiteElo "1976"]
[BlackElo "2365"]
[PlyCount "56"]
[EventDate "2015.04.22"]
[EventType "tourn (corr)"]
[EventRounds "10"]
[EventCountry "GER"]
[SourceTitle "Corr 2022"]
[Source "ChessBase"]
[SourceDate "2021.10.24"]
[SourceVersion "1"]
[SourceVersionDate "2021.10.24"]
[SourceQuality "1"]

1. d4 Nf6 2. c4 e6 3. Nf3 d5 4. g3 dxc4 5. Bg2 a6 6. Ne5 Bb4+ 7. Nc3 Nd5 8. Bd2 Nb6 9. Nxc4 Bxc3 10. Bxc3 Nxc4 11. Qa4+ b5 12. Qc2 Ra7 13. d5 0-0 14. b3 Nb6 15. dxe6 fxe6 16. Be4 h6 17. 0-0 Qe7 18. Rfd1 Bb7 19. Bh7+ Kh8 20. Rac1 e5 21. Be4 Bxe4 22. Qxe4 N8d7 23. a4 Qf7 24. a5 Nc8 25. Qf3 Qxf3 26. exf3 c5 27. Rd3 Rc7 28. Rcd1 Rf7 0-1

[Event "BI-2015-P-0000"]
[Site "LSS email"]
[Date "2015.04.16"]
[Round "?"]
[White "Perez, Giorgio"]
[Black "Leon, Yurick"]
[Result "0-1"]
[WhiteElo "1546"]
[BlackElo "1976"]
[PlyCount "60"]
[EventDate "2015.04.22"]
[EventType "tourn (corr)"]
[EventRounds "10"]
[EventCountry "GER"]
[SourceTitle "Corr 2022"]
[Source "ChessBase"]
[SourceDate "2021.10.24"]
[SourceVersion "1"]
[SourceVersionDate "2021.10.24"]
[SourceQuality "1"]

1. e4 c5 2. Nf3 d6 3. d4 cxd4 4. Nxd4 Nf6 5. Nc3 a6 6. Bc4 e6 7. Bb3 Nbd7 8. f4 Nc5 9. Qf3 Be7 10. 0-0 0-0 11. e5 dxe5 12. Nde2 e4 13. Qg3 Qc7 14. Be3 b5 15. Rad1 Bb7 16. f5 Qxg3 17. hxg3 Ng4 18. Bxc5 Bxc5+ 19. Kh1 exf5 20. Rd7 Bc8 21. Rc7 Bd6 22. Bd5 Bxc7 23. Bxa8 Be6 24. Bb7 b4 25. Nd1 Bc4 26. Re1 Rd8 27. Kg1 Bb6+ 28. Kh1 Bxe2 29. Ne3 Bxe3 30. Rxe2 Rd1+ 0-1

[Event "BI-2015-P-0000"]
[Site "LSS email"]
[Date "2015.04.16"]
[Round "?"]
[White "Permykov, Andrey"]
[Black "Leon, Yurick"]
[Result "1-0"]
[WhiteElo "2185"]
[BlackElo "1976"]
[PlyCount "101"]
[EventDate "2015.04.22"]
[EventType "tourn (corr)"]
[EventRounds "10"]
[EventCountry "GER"]
[SourceTitle "Corr 2022"]
[Source "ChessBase"]
[SourceDate "2021.10.24"]
[SourceVersion "1"]
[SourceVersionDate "2021.10.24"]
[SourceQuality "1"]

1. e4 e5 2. Bc4 Nf6 3. d3 c6 4. Nf3 d5 5. Bb3 Bb4+ 6. Bd2 Bxd2+ 7. Qxd2 a5 8. a4 0-0 9. exd5 cxd5 10. Nxe5 Nc6 11. f4 Re8 12. 0-0 Nxe5 13. fxe5 Rxe5 14. Nc3 h6 15. Rae1 Rg5 16. Qf4 Bh3 17. Rf2 Qb6 18. d4 Be6 19. h3 Rf5 20. Qd2 Rg5 21. Rf3 Rc8 22. Ree3 Kh7 23. Kh1 Qd6 24. Qe2 Qb4 25. Qd3+ Kh8 26. Qd2 b6 27. Kg1 Qd6 28. Qf2 Rg6 29. Re5 Kg8 30. Qe1 Rd8 31. Nb5 Qd7 32. Qe3 Qb7 33. Nc3 Qc6 34. Qd3 Nd7 35. Rxe6 Rxe6 36. Bxd5 Qd6 37. Bxe6 Qxe6 38. Re3 Qc6 39. Qe4 Qxe4 40. Nxe4 Nf8 41. c3 Ng6 42. Nd2 Nf4 43. Nc4 Nd5 44. Re5 g6 45. Kf2 Kf8 46. g4 Rd7 47. Kf3 Rc7 48. Rxd5 Rxc4 49. Rd6 Rxa4 50. Rxb6 Ra1 51. c4 1-0

[Event "BI-2015-P-0000"]
[Site "LSS email"]
[Date "2015.04.16"]
[Round "?"]
[White "Somogyi, Gabor"]
[Black "Leon, Yurick"]
[Result "1/2-1/2"]
[WhiteElo "1953"]
[BlackElo "1976"]
[PlyCount "55"]
[EventDate "2015.04.22"]
[EventType "tourn (corr)"]
[EventRounds "10"]
[EventCountry "GER"]
[SourceTitle "Corr 2022"]
[Source "ChessBase"]
[SourceDate "2021.10.24"]
[SourceVersion "1"]
[SourceVersionDate "2021.10.24"]
[SourceQuality "1"]

1. Nf3 d5 2. d4 c6 3. c4 Nf6 4. Nc3 e6 5. Bg5 Nbd7 6. e3 Qa5 7. Nd2 dxc4 8. Bxf6 Nxf6 9. Nxc4 Qc7 10. Bd3 g6 11. 0-0 Bg7 12. Qd2 0-0 13. Rac1 b6 14. e4 Rd8 15. e5 Ne8 16. Ne2 c5 17. Rfd1 Bb7 18. Qf4 Rac8 19. dxc5 bxc5 20. Qg3 Rd7 21. Nc3 Bh6 22. f4 Rcd8 23. Bf1 Ng7 24. Rxd7 Rxd7 25. Qf2 Nf5 26. b3 Qd8 27. Re1 g5 28. fxg5 1/2-1/2

[Event "IECC O-3869"]
[Site "IECC email"]
[Date "2014.04.07"]
[Round "?"]
[White "Martins, Karin"]
[Black "Leon, Yurick"]
[Result "1/2-1/2"]
[WhiteElo "2016"]
[BlackElo "2086"]
[PlyCount "82"]
[EventDate "2014.??.??"]
[EventType "swiss (corr)"]
[EventRounds "2"]
[SourceTitle "Corr 2020"]
[Source "ChessBase"]
[SourceDate "2019.09.30"]
[SourceVersion "1"]
[SourceVersionDate "2019.09.30"]
[SourceQuality "1"]
[WhiteTeam "Germany"]
[BlackTeam "Venezuela"]
[WhiteTeamCountry "GER"]
[BlackTeamCountry "VEN"]

1. e4 c5 2. Nf3 d6 3. d4 cxd4 4. Nxd4 Nf6 5. Nc3 Nc6 6. g3 g6 7. Nde2 Bg7 8. Bg2 0-0 9. h3 Rb8 10. 0-0 b5 11. Be3 b4 12. Nd5 Nd7 13. Rb1 Ba6 14. Re1 e6 15. Ndf4 Qc7 16. Qd2 Rfd8 17. Nd3 Qa5 18. Nec1 Nb6 19. Bh6 Nc4 20. Qf4 Rbc8 21. Bxg7 Kxg7 22. Nb3 Qb6 23. Red1 h6 24. Qc1 Bb5 25. Ne1 a5 26. Nf3 e5 27. Nbd2 d5 28. exd5 Rxd5 29. Nxc4 Bxc4 30. b3 Rxd1+ 31. Qxd1 Be6 32. Qe2 Qc5 33. Rd1 Rc7 34. g4 f5 35. g5 h5 36. Nxe5 Qxe5 37. Qxe5+ Nxe5 38. Re1 Nf7 39. Rxe6 Nxg5 40. Ra6 Rxc2 41. h4 Ne4 1/2-1/2

[Event "IECC 2014-1.13"]
[Site "IECC email"]
[Date "2014.01.05"]
[Round "?"]
[White "Kulkarni, Samir"]
[Black "Leon, Yurick"]
[Result "1/2-1/2"]
[WhiteElo "1551"]
[BlackElo "2070"]
[PlyCount "112"]
[EventDate "2014.??.??"]
[EventType "tourn (corr)"]
[SourceTitle "Telechess CBM 165"]
[Source "ChessBase"]
[SourceDate "2015.03.11"]
[SourceVersion "1"]
[SourceVersionDate "2015.03.11"]
[SourceQuality "1"]
[WhiteTeam "India"]
[BlackTeam "Venezuela"]
[WhiteTeamCountry "IND"]
[BlackTeamCountry "VEN"]

1. e4 c5 2. Nf3 d6 3. Bc4 e6 4. Nc3 Nc6 5. d4 cxd4 6. Nxd4 Nf6 7. Nxc6 bxc6 8. 0-0 Be7 9. Be3 Bb7 10. Qe2 0-0 11. Rfd1 d5 12. exd5 exd5 13. Bd3 Re8 14. Qf3 Nd7 15. Qh3 g6 16. Qh6 Nc5 17. Be2 Ne6 18. Qh3 Bd6 19. Bf1 Bc8 20. Qf3 Rb8 21. Rab1 Be5 22. Bxa7 Ra8 23. Be3 Qc7 24. h3 d4 25. Nb5 cxb5 26. Qxa8 dxe3 27. fxe3 Ng5 28. Bxb5 Nxh3+ 29. Kf1 Qxc2 30. Qf3 Re6 31. Rdc1 Qd2 32. Rxc8+ Kg7 33. Qxh3 Rf6+ 34. Kg1 Rf5 35. Re8 Rh5 36. Rxe5 Rxh3 37. gxh3 Qd6 38. Rg5 Qe7 39. Rg3 Qe5 40. Rf3 Qxb5 41. b4 Qb7 42. Kg2 f5 43. Rb2 g5 44. Kf2 Qe4 45. Re2 h5 46. b5 g4 47. Rf4 Qh1 48. hxg4 Qh4+ 49. Kf1 fxg4 50. Ref2 Qh1+ 51. Ke2 g3 52. Rf7+ Kg6 53. R2f6+ Kg5 54. Rf1 Qh2+ 55. Ke1 Qxa2 56. b6 Qb1+ 1/2-1/2

[Event "IECC CL2-2013.06 email"]
[Site "IECC email"]
[Date "2013.12.24"]
[Round "?"]
[White "Agulnick, Michael"]
[Black "Leon, Yurick"]
[Result "0-1"]
[WhiteElo "2039"]
[BlackElo "2060"]
[PlyCount "42"]
[EventDate "2013.??.??"]
[EventType "tourn (corr)"]
[EventRounds "4"]
[SourceTitle "Telechess CBM 165"]
[Source "ChessBase"]
[SourceDate "2015.03.11"]
[SourceVersion "1"]
[SourceVersionDate "2015.03.11"]
[SourceQuality "1"]
[WhiteTeam "US of America"]
[BlackTeam "Venezuela"]
[WhiteTeamCountry "USA"]
[BlackTeamCountry "VEN"]

1. d4 d5 2. Nf3 Nf6 3. Nbd2 g6 4. c4 dxc4 5. e3 b5 6. a4 c6 7. axb5 cxb5 8. b3 a5 9. bxc4 b4 10. c5 Bg7 11. Bc4 0-0 12. 0-0 Bb7 13. Re1 Ne4 14. Nxe4 Bxe4 15. Bb2 Na6 16. Qe2 Nc7 17. Red1 e6 18. Bb3 Bc6 19. Ba4 Qd5 20. Bxc6 Qxc6 21. Ra4 Qxa4 0-1